| 000 | 00355 a2200121 4500 | ||
|---|---|---|---|
| 001 | ART_58284 | ||
| 005 | 20260410162010.0 | ||
| 008 | 260409a | ||
| 245 | 1 | 0 | _aConjuntos inmobiliarios: |
| 100 | 1 | _aFossaceca, Carlos Alberto (h) | |
| 700 | 1 | _aMoreyra, Pilar | |
| 773 | 0 |
_tTemas de derecho civil _g- Año 9, N° 4 (abr. 2023) _wREV34778 |
|
| 999 |
_c32072 _d32072 |
||